000 00539nam a2200181 a 4500
001 489
003 CO-ViMGA
008 141112s2004 ck r 000 u spa d
040 _aCO-ViMGA
_bspa
_cCO-ViMGA
082 0 4 _aR342.06 C656c
100 1 _aColombia. Leyes, decretos,
_96163
245 1 0 _aCódigo de procedimiento administrativo y de lo contencioso administrativo (L.1437/2011)
260 _aBogotá :
_bLegis,
_c2011
300 _a628 p
490 _aSiempre al día
650 1 4 _aDERECHO ADMINISTRATIVO - CODIGOS
942 _2ddc
_cBK
999 _c12730
_d12730